00350nam a2200157Ia 45000010006000000050017000060080041000230410008000640820015000721000023000872450023001102600009001333000034001426500008001766540008001841548820260306170200.0260306t2006||||xx |||||||||||||| ||und|| aESP a541.3bE61 aEngel, ThomaseAUT 0aQuímica física c2006 axxi, 1063 páginas :c27 cm. aGEN aCCN